| 000 | 07124cam a2200853 i 4500 | ||
|---|---|---|---|
| 001 | on1157770347 | ||
| 003 | OCoLC | ||
| 005 | 20260212095208.0 | ||
| 006 | m o d | ||
| 007 | cr ||||||||||| | ||
| 008 | 200604s2020 nyu ob 001 0 eng | ||
| 010 | _a 2020022670 | ||
| 020 |
_a0190900482 _q(electronic book) |
||
| 020 |
_a9780190900472 _q(electronic book) |
||
| 020 |
_a0190900474 _q(electronic book) |
||
| 020 |
_a9780190900489 _q(electronic bk.) |
||
| 020 |
_z9780190900465 _q(hardcover) |
||
| 020 |
_z9780190900458 _q(paperback) |
||
| 029 | 1 |
_aCHVBK _b599982888 |
|
| 029 | 1 |
_aCHDSB _b007217207 |
|
| 029 | 1 |
_aAU@ _b000076396431 |
|
| 035 |
_a(OCoLC)1157770347 _z(OCoLC)1192310290 _z(OCoLC)1193150823 _z(OCoLC)1316264653 _z(OCoLC)1492348493 |
||
| 037 |
_a6320148 _bProquest Ebook Central |
||
| 037 |
_aC18E5561-E25B-4B5E-A24F-D6BDE333512A _bOverDrive, Inc. _nhttp://www.overdrive.com |
||
| 040 |
_aDLC _beng _erda _epn _cDLC _dOCLCO _dYDX _dN$T _dEBLCP _dUAB _dOCLCF _dWAU _dOCLCO _dTEFOD _dOCLCQ _dOCLCO _dOCLCL _dOCLCQ _dCLOUD _dOCLCO _dOCLCQ _dOCLCL _dAMH _dQ2U _dOCLCQ |
||
| 042 | _apcc | ||
| 050 | 0 | 4 |
_aHF1379 _b.K778 2020 |
| 072 | 7 |
_aBUS035000 _2bisacsh |
|
| 072 | 7 |
_aBUS000000 _2bisacsh |
|
| 072 | 7 |
_aBUS036070 _2bisacsh |
|
| 072 | 7 |
_aBUS036000 _2bisacsh |
|
| 072 | 7 |
_aBUS090030 _2bisacsh |
|
| 072 | 7 |
_aBUS090000 _2bisacsh |
|
| 072 | 7 |
_aLAW014010 _2bisacsh |
|
| 072 | 7 |
_aLAW014000 _2bisacsh |
|
| 072 | 7 |
_aLAW000000 _2bisacsh |
|
| 082 | 0 | 0 |
_a382 _223 |
| 100 | 1 |
_aKrueger, Anne O., _eauthor. _1https://id.oclc.org/worldcat/entity/E39PBJrWDQjDcD4hGRbXcCq84q _953495 |
|
| 245 | 1 | 0 |
_aInternational trade : _bwhat everyone needs to know� / _cAnne Krueger. |
| 264 | 1 |
_aNew York, NY : _bOxford University Press, _c[2020] |
|
| 300 | _a1 online resource (xxi, 345 pages) | ||
| 336 |
_atext _btxt _2rdacontent |
||
| 337 |
_acomputer _bc _2rdamedia |
||
| 338 |
_aonline resource _bcr _2rdacarrier |
||
| 490 | 1 | _aWhat everyone needs to know | |
| 504 | _aIncludes bibliographical references and index. | ||
| 505 | 0 | _aPreface -- 1. Foreign Trade in World History -- What is the early history of global trade and growth? -- How did views on trade and policy change? -- How did the modern trading system start? -- What happened to trade and growth after the Second World War? -- What provision was made for preferential trading arrangements? -- What changed in the 1970s? -- What changed for the developing countries? -- What happened in the 1990s? -- What about the failure of the Doha Round? -- How are trade and economic growth linked? -- What structural changes and challenges does the global economy face today? -- 2. Trade Policy | |
| 505 | 8 | _aWhy are special policies needed for trade? -- Why aren't domestic laws enough? -- Why is a level playing field needed? -- Why are the issues multilateral? -- What about trade in services? -- How do domestic and trade policies interact? -- Is there consensus on reasons for protection? -- How do politics of trade differ from other economic issues? -- 3. How Much and What Does the US Trade? -- Why don't numbers tell the whole story? -- But what do US trade statistics show? -- The components of American foreign trade -- How does the US compare with other countries? -- What services are most heavily traded? -- 4. The Case for Free Trade | |
| 505 | 8 | _aWhy do economists support free trade? -- What is comparative advantage? -- What are the objections to comparative advantage? -- What are dynamic arguments for free trade? -- 5. What's Wrong with Protection? -- What is protection? -- What kinds of protection are there? -- What about measures other than tariffs and QRs? -- What are the effects of protection? -- How do effects of QRs differ from those of tariffs? -- Are there other real-​world difficulties with tariffs? -- What are US tariff rates? -- 6. Do Trade Deficits Matter? -- What determines a country's current account balance? -- What is a current account deficit? | |
| 505 | 8 | _aHow do deficits relate to a country's macroeconomy? -- What is the role of the exchange rate? -- What about bilateral balances? -- 7. Does Trade Hurt American Jobs? -- What are the determinants of aggregate employment? -- How does a tariff affect employment in the protected industry? -- What do tariffs do to employment and output in other industries? -- What do labor standards achieve? -- 8. What About Currency Manipulation? -- What is the exchange rate and what does it have to do with trade? -- What is currency manipulation? -- Why and when does the US Treasury designate a country a currency manipulator? | |
| 520 |
_a"In all countries, there are laws and regulations affecting private economic activity. They are necessary to enable private economic activity to thrive, as well as to provide for honesty in information), consumer protection, and much more. Laws and regulations, such as safety standards, quality grades, and health and food (phytosanitary) standards generally apply to much economic activity within a country. In very primitive societies when farming or hunting was almost all economic activity, such measures were much less necessary. But as exchanges and trading increased, the need to find ways to support transactions became essential in order to enable parties to agree on even such things as simple weights and measures. Until there was a commercial code (legal framework), most businesses were owned primarily by family members who could trust each other. The commercial codes covered such phenomena as penalties against breach of contract, standards and assurances as to the quality and ingredients of goods being contracted, and penalties for their infringement, and so on. Note that even a rudimentary contract would likely have needed an understanding as to weights and measures, definition of materials, and much more"-- _cProvided by publisher. |
||
| 588 | _aDescription based on online resource; title from PDF title page (Ebook Central, viewed September 03, 2020). | ||
| 650 | 0 |
_aInternational trade _xHistory. _953496 |
|
| 650 | 6 |
_aCommerce international _xHistoire. _953497 |
|
| 650 | 7 |
_aInternational. _2bisacsh |
|
| 650 | 7 |
_aBUSINESS & ECONOMICS. _2bisacsh _915624 |
|
| 650 | 7 |
_aAnalysis & Trading Strategies. _2bisacsh _953498 |
|
| 650 | 7 |
_aInvestments & Securities. _2bisacsh _953499 |
|
| 650 | 7 |
_aOnline Trading. _2bisacsh _953500 |
|
| 650 | 7 |
_aElectronic Commerce) _2bisacsh _918402 |
|
| 650 | 7 |
_aInternational Trade. _2bisacsh _99266 |
|
| 650 | 7 |
_aCommercial. _2bisacsh _953501 |
|
| 650 | 7 |
_aLAW. _2bisacsh _9914 |
|
| 650 | 7 |
_aInternational trade _2fast _99266 |
|
| 655 | 0 |
_aElectronic books. _9915 |
|
| 655 | 7 |
_aHistory _2fast _9216 |
|
| 776 | 0 | 8 |
_iPrint version: _aKrueger, Anne O. _tInternational trade. _dNew York, NY : Oxford University Press, [2020] _z9780190900465 _w(DLC) 2020022669 _w(OCoLC)1157349841 |
| 776 | 1 | _z9780190900465 | |
| 776 | 1 | _z9780190900458 | |
| 830 | 0 |
_aWhat everyone needs to know. _935561 |
|
| 856 | 4 | 0 | _uhttps://koha.ucc.edu.gh/cgi-bin/koha/opac-retrieve-file.pl?id=f1f2404214827983602810606628aa9e |
| 942 |
_2lcc _cCR |
||
| 948 | _hNO HOLDINGS IN GHUCC - 97 OTHER HOLDINGS | ||
| 999 |
_c53418 _d53418 |
||